Künstler zu Werk #2 - Statistiken

Allgemein
  • Dieses Quiz wurde 124 mal gespielt
  • Das Durchschnittsergebnis liegt bei 7 aus 16
Antwortstatistiken
Bildquiz Antwort % Korrekt
Claude Monet
94%
Vincent van Gogh
93%
Gustav Klimt
87%
Albrecht Dürer
68%
Rembrandt van Rijn
68%
Pablo Picasso
55%
Sandro Botticelli
48%
Edward Hopper
29%
Paul Gauguin
27%
Edgar Degas
26%
Marc Chagall
20%
Henri Matisse
19%
Paul Klee
17%
Peter Paul Rubens
15%
Joan Miró
8%
Wassily Kandinsky
3%
Keine übereinstimmenden Quizze gefunden
Verteilung der Resultate
Anzahl Personen mit jedem Resultat
Perzentil nach korrekt beantworteten Fragen
Ihre Resultats-Entwicklung
Sie haben dieses Quiz noch nicht gespielt